Interní audit

Enregistré dans:
Détails bibliographiques
Auteur principal: Sawyer, Lawrence B.
Autres auteurs: Bonk, Petr
Format: Livre
Langue:tchèque
Publié: Praha Český institut interních auditorů 2000
Sujets:
Tags: Ajouter un tag
Pas de tags, Soyez le premier à ajouter un tag!

MARC

LEADER 00000nam$a2200000$$$4500
001 0023104
005 20240111125117.6
020 |a 80-86284-07-7 
041 0 |a cze 
044 |a CZ 
245 1 0 |a Interní audit  |c Lawrence B. Sawyer ; překlad: Petr Bonk 
264 1 |a Praha  |b Český institut interních auditorů  |c 2000 
300 |a 313 s. 
610 2 0 |a audit interný 
610 2 0 |a audítori 
610 2 0 |a audítorstvo 
610 2 0 |a audit 
610 2 0 |a účtovníctvo 
610 2 0 |a kontrola ekonomická 
610 2 0 |a risk management 
100 1 |a Sawyer, Lawrence B. 
700 1 |a Bonk, Petr